<?xml version="1.0" encoding="UTF-8"?><?xml-stylesheet type="text/xsl" href="static/style.xsl"?><OAI-PMH xmlns="http://www.openarchives.org/OAI/2.0/" xmlns:xsi="http://www.w3.org/2001/XMLSchema-instance" xsi:schemaLocation="http://www.openarchives.org/OAI/2.0/ http://www.openarchives.org/OAI/2.0/OAI-PMH.xsd"><responseDate>2026-06-01T03:34:59Z</responseDate><request verb="GetRecord" identifier="oai:riuma.uma.es:10630/36720" metadataPrefix="marc">https://riuma.uma.es/rest/oai/request</request><GetRecord><record><header><identifier>oai:riuma.uma.es:10630/36720</identifier><datestamp>2026-02-03T10:56:12Z</datestamp><setSpec>com_10630_2254</setSpec><setSpec>col_10630_37953</setSpec></header><metadata><record xmlns="http://www.loc.gov/MARC21/slim" xmlns:dcterms="http://purl.org/dc/terms/" xmlns:doc="http://www.lyncode.com/xoai" xmlns:xsi="http://www.w3.org/2001/XMLSchema-instance" xsi:schemaLocation="http://www.loc.gov/MARC21/slim http://www.loc.gov/standards/marcxml/schema/MARC21slim.xsd">
   <leader>00925njm 22002777a 4500</leader>
   <datafield ind2=" " ind1=" " tag="042">
      <subfield code="a">dc</subfield>
   </datafield>
   <datafield ind2=" " ind1=" " tag="720">
      <subfield code="a">Amber-Montes, Diana</subfield>
      <subfield code="e">author</subfield>
   </datafield>
   <datafield ind2=" " ind1=" " tag="720">
      <subfield code="a">Morales-Valero, Manuel</subfield>
      <subfield code="e">author</subfield>
   </datafield>
   <datafield ind2=" " ind1=" " tag="720">
      <subfield code="a">Prieto-Jiménez, Esther</subfield>
      <subfield code="e">author</subfield>
   </datafield>
   <datafield ind2=" " ind1=" " tag="260">
      <subfield code="c">2024</subfield>
   </datafield>
   <datafield ind2=" " ind1=" " tag="520">
      <subfield code="a">El desarrollo y la educación forman un binomio inseparable, impulsado por la Agenda 2030 y los Objetivos de Desarrollo Sostenible (ODS). Este desafío implica que el sistema educativo español debe fomentar competencias clave para avanzar hacia estos objetivos. Este estudio revisa de forma sistemática la inclusión de la Educación para el Desarrollo en la Educación Secundaria Obligatoria en España, analizando 18 artículos tras filtrar 119 trabajos, conforme a la Declaración PRISMA 2020. Los resultados revelan un sesgo temático en el tratamiento de los ODS y una predominancia de propuestas curriculares incipientes. La Educación Superior, responsable de formar a futuros docentes, juega un papel central en este proceso. Sin embargo, para lograr los ODS, es crucial la colaboración de todos los actores implicados en la educación. Se destaca la necesidad de continuar con experiencias y prácticas curriculares que promuevan la participación social y la ciudadanía global. Se pide un mayor compromiso de las universidades en la gestión sostenible, con un enfoque en fortalecer tanto la programación curricular como extracurricular. Además, se aboga por abordajes transdisciplinares y comunitarios para integrar a la sociedad en la consecución de los ODS.</subfield>
   </datafield>
   <datafield ind1="8" ind2=" " tag="024">
      <subfield code="a">Amber-Montes, D., Morales-Valero, M. y Prieto-Jiménez, E. (2024). Revisión sistemática de la literatura sobre la inclusión de los Objetivos de Desarrollo Sostenible en la Educación Secundaria Obligatoria en España. Revista Complutense de Educación, 35(3), 597-608. https://doi.org/10.5209/rced.86037</subfield>
   </datafield>
   <datafield ind1="8" ind2=" " tag="024">
      <subfield code="a">https://hdl.handle.net/10630/36720</subfield>
   </datafield>
   <datafield ind1="8" ind2=" " tag="024">
      <subfield code="a">10.5209/rced.86037</subfield>
   </datafield>
   <datafield tag="653" ind2=" " ind1=" ">
      <subfield code="a">Desarrollo sostenible - Estudio y enseñanza secundaria</subfield>
   </datafield>
   <datafield ind2="0" ind1="0" tag="245">
      <subfield code="a">Revisión sistemática de la literatura sobre la inclusión de los Objetivos de Desarrollo Sostenible en la Educación Secundaria Obligatoria en España.</subfield>
   </datafield>
</record>
</metadata></record></GetRecord></OAI-PMH>